Statistics for State & University Nicknames

Click here to take the quiz!

General Stats

  • This quiz has been taken 14 times
  • The average score is 12 of 18

Answer Stats

Answer% Correct
Oklahoma
93%
Ohio
93%
Sooners
93%
Buckeyes
86%
Tennessee
79%
Iowa
79%
West Virginia
71%
Nebraska
71%
Volunteers
71%
Cornhuskers
64%
North Carolina
64%
Mountaineers
64%
Tar Heels
57%
Oregon
57%
Beavers
43%
Wisconsin
43%
Badgers
36%
Hawkeyes
21%

Score Distribution

Percentile by Number Answered

Percent of People with Each Score

Your Score History

You have not taken this quiz